000 00910nam a2200277 a 4500
001 26465
003 CO-ViMGA
008 141112s2004 ck r 000 u spa d
020 _a9789584600370
040 _aCO-ViMGA
_bspa
_cCO-ViMGA
041 _aSPA
082 0 4 _aCo864 K14b
100 1 _aKalmanovitz G., Manuel, 1973 -
_91219
245 1 0 _aBogotá con mar y otras cosas /
_cManuel Kalmanovitz G.
250 _a2a ed.
260 _aBogotá :
_bMatera Libros - El Peregrino,
_c2014
300 _a193 p. : il. col.
650 1 4 _aAUTORES COLOMBIANOS
_932
650 1 4 _aDESDE LOS 15 AÑOS
_91079
650 1 4 _aFANTASÍA - ENSAYOS, CONFERENCIAS, ETC.
_941280
650 1 4 _aLITERATURA COLOMBIANA
_91068
650 1 4 _aREALIDAD - ENSAYOS, CONFERENCIAS, ETC
_941281
650 1 4 _aVIDA COTIDIANA - ENSAYOS, CONFERENCIAS, ETC.
_941282
700 1 _aKalmanovitz G., Manuel, 1973 -
_91219
942 _2ddc
_cBK
999 _c2429
_d2429